<?xml version="1.0" encoding="UTF-8"?>
<record
    xmlns:xsi="http://www.w3.org/2001/XMLSchema-instance"
    xsi:schemaLocation="http://www.loc.gov/MARC21/slim http://www.loc.gov/standards/marcxml/schema/MARC21slim.xsd"
    xmlns="http://www.loc.gov/MARC21/slim">

  <leader>00722nam a22001817a 4500</leader>
  <controlfield tag="003">UA-OsUOA</controlfield>
  <controlfield tag="001"> 16929 </controlfield>
  <controlfield tag="007">ta</controlfield>
  <controlfield tag="008">20040203b un ||||| |||| 00| 0 ukr d</controlfield>
  <datafield tag="100" ind1=" " ind2=" ">
    <subfield code="a">&#x429;&#x443;&#x43F;&#x430;&#x43A; &#x41D;.</subfield>
  </datafield>
  <datafield tag="942" ind1=" " ind2=" ">
    <subfield code="c">SA</subfield>
  </datafield>
  <datafield tag="040" ind1=" " ind2=" ">
    <subfield code="a">UA-OsUOA</subfield>
    <subfield code="c">UA-OsUOA</subfield>
    <subfield code="d">UA-OsUOA</subfield>
  </datafield>
  <datafield tag="245" ind1=" " ind2=" ">
    <subfield code="a">&#x41D;&#x430;&#x439;&#x43A;&#x440;&#x430;&#x449;&#x456; &#x43F;&#x440;&#x438;&#x440;&#x43E;&#x434;&#x43E;&#x43B;&#x44E;&#x431;&#x438; - &#x432; &#x41A;&#x43E;&#x441;&#x442;&#x43E;&#x43F;&#x43E;&#x43B;&#x456; &#x456; &#x41A;&#x443;&#x437;&#x43D;&#x435;&#x446;&#x43E;&#x432;&#x441;&#x44C;&#x43A;&#x443;</subfield>
    <subfield code="b">[&#x41F;&#x440;&#x43E; &#x43E;&#x431;&#x43B;. &#x43E;&#x433;&#x43B;&#x44F;&#x434;-&#x43A;&#x43E;&#x43D;&#x43A;&#x443;&#x440;&#x441; &#x43D;&#x430; &#x43A;&#x440;&#x430;&#x449;&#x435; &#x43F;&#x440;&#x43E;&#x432;&#x435;&#x434;&#x435;&#x43D;&#x43D;&#x44F; &#x43F;&#x440;&#x438;&#x440;&#x43E;&#x434;&#x43E;&#x43E;&#x445;&#x43E;&#x440;&#x43E;&#x43D;&#x43D;&#x43E;&#x457; &#x440;&#x43E;&#x431;&#x43E;&#x442;&#x438; , &#x449;&#x43E; &#x442;&#x440;&#x438;&#x432;&#x430;&#x432; &#x43F;&#x440;&#x43E;&#x442;&#x44F;&#x433;&#x43E;&#x43C; 2003 &#x440;. &#x432; &#x43E;&#x431;&#x43B;.]</subfield>
  </datafield>
  <datafield tag="300" ind1=" " ind2=" ">
    <subfield code="a">&#x421;.5</subfield>
  </datafield>
  <datafield tag="955" ind1=" " ind2=" ">
    <subfield code="a">0</subfield>
  </datafield>
  <datafield tag="773" ind1="0" ind2=" ">
    <subfield code="w">0</subfield>
    <subfield code="t">&#x412;&#x456;&#x43B;&#x44C;&#x43D;&#x435; &#x441;&#x43B;&#x43E;&#x432;&#x43E;</subfield>
    <subfield code="d">&#x420;&#x456;&#x432;&#x43D;&#x435;</subfield>
    <subfield code="d">2004</subfield>
    <subfield code="g">&#x2116;6/ 21 &#x441;&#x456;&#x447;./</subfield>
  </datafield>
  <datafield tag="650" ind1=" " ind2="7">
    <subfield code="a">&#x41A;&#x440;&#x430;&#x454;&#x437;&#x43D;&#x430;&#x432;&#x447;&#x430; &#x440;&#x43E;&#x431;&#x43E;&#x442;&#x430;</subfield>
    <subfield code="2">UDC</subfield>
  </datafield>
  <datafield tag="999" ind1=" " ind2=" ">
    <subfield code="c">303097</subfield>
    <subfield code="d">303097</subfield>
  </datafield>
</record>
